[Event "Biel GM 48th"]
[Site "Biel"]
[Date "2015.07.29"]
[Round "9"]
[White "Adams, Michael"]
[Black "Wojtaszek, Radoslaw"]
[Result "1/2-1/2"]
[WhiteElo "2740"]
[BlackElo "2733"]
[Annotator "Roiz,M"]
[PlyCount "81"]
[EventDate "2015.07.20"]
[EventType "tourn"]
[EventRounds "10"]
[EventCountry "SUI"]
[EventCategory "19"]
[SourceTitle "CBM 168"]
[Source "ChessBase"]
[SourceDate "2015.09.14"]
[SourceVersion "1"]
[SourceVersionDate "2015.09.14"]
[SourceQuality "1"]

1. e4 c5 2. c3 {Usually Michael doesn't deviate from the Open Sicilians, but
he also uses the Alapin weapon from time to time.} Nf6 3. e5 Nd5 4. Nf3 Nc6 5.
Bc4 Nb6 6. Bb3 c4 ({Another popular response here is:} 6... d5 7. exd6 Qxd6 {
For instance,} 8. Na3 (8. d4 cxd4 {leads to another well-known theoretical
line, but it looks like White may benefit from delaying the d2-d4 advance.})
8... Be6 9. d4 Bxb3 10. axb3 cxd4 11. Nb5 Qd7 12. Nbxd4 Nxd4 13. Nxd4 g6 14.
O-O $14 {Adams,M (2707)-Leko,P (2740)/Wijk aan Zee 2006, and White's chances
were preferable.}) 7. Bc2 d5 {The latest fashion.} (7... Qc7 {was very popular
a few years ago, but after} 8. O-O $1 Nxe5 9. Nxe5 Qxe5 10. Re1 Qc7 11. d3 e6 (
11... cxd3 12. Qxd3 e6 13. a4 Be7 14. Na3 a6 15. Be3 Nd5 16. Bd4 $36 {1-0
Mammadov,Z (2505)-Kursova,M (2305)/Al-Ain UAE 2014}) 12. a4 $1 {Degraeve,J 
(2576)-Libiszewski,F (2543)/Saint Quentin 2014, Black's position seems
extremely dangerous, since White's development advantage is too big.}) 8. exd6
{Black has a wide choice of possibilities now.} e5 {GM Wojtaszek chooses the
most ambitious continuation. Obviously, Black prefers to recapture with a
bishop in order to castle as soon as possible.} ({19 years ago Black was
unable to solve the opening problems in the following encounter:} 8... exd6 $6
9. O-O Be7 10. d3 d5 {entering into an unpleasant endgame, but there was no
other way to avoid the isolated d-pawn} 11. dxc4 dxc4 12. Qxd8+ Bxd8 13. Re1+
Be7 14. Be4 $36 {1/2 Adams,M (2685)-Smirin,I (2625)/Cap d'Agde 1996}) ({
Another recapture looks quite playable for Black:} 8... Qxd6 $5 9. O-O Bg4 10.
h3 Bh5 11. Qe2 Qf6 (11... e6 12. Na3 Qf4 $132 {1-0 Rozentalis,E (2575)
-Greenfeld,A (2535)/Israel 1999}) 12. Be4 O-O-O 13. b3 Ne5 $132 {1/2 Mammadov,
Z (2393)-Belous,V (2518)/Kirishi 2012}) 9. O-O ({A quite harmless line is:} 9.
d3 Qxd6 $1 10. Na3 (10. dxc4 Qxd1+ 11. Bxd1 Nxc4 $11) 10... cxd3 11. Nb5 Qe7
12. Qxd3 Be6 {with excellent play for Black.}) 9... Bxd6 {The most consistent.}
({The original} 9... Be6 $5 {has been tried by strong players here as well.})
10. d3 cxd3 11. Qxd3 Be6 {This position must be still well-known for GM
Michael Adams, since all that was played in his preceding game.} 12. Bb3 $146 {
It is only now that the game deviates from known paths. The novelty doesn't
seem to pose Black any serious problems.} ({In the above-mentioned game
preceding game White was able to develop a powerful initiative and win in nice
style after:} 12. Re1 f6 (12... h6 $5 {might be more accurate and offer Black
a solid position.}) 13. Nd4 $1 Bc4 $6 14. Qh3 $36 {1-0 Adams,M (2680)-McShane,
L (2455)/England 1997}) ({Black shouldn't experience any problems after} 12.
Rd1 Be7 13. Qe4 Qc7 14. Ng5 Bxg5 15. Bxg5 f6 16. Be3 Nc4 $11 {1-0 Kleiman,J 
(2450)-Liu,E (2359)/Las Vegas 2011}) 12... Qe7 {There is no reason for
hurrying with taking on b3, since opening up the a-file would definitely suit
White.} 13. Re1 ({A more aggressive way of handling the position would be:} 13.
Ng5 Bxb3 14. axb3 f6 15. Ne4 Bc7 16. Qh3 O-O 17. Be3 Qf7 18. Nc5 f5 $132 {
In the resulting complex position Black has decent chances of developing an
attack on the k-side.}) 13... Bxb3 (13... Rd8 14. Be3 Bc7 15. Qe4 Nd5 16. Ng5
Nf6 $11) 14. axb3 O-O {Black is ready to push the central pawns, so White
should be careful now.} 15. Na3 (15. Nbd2 f5 16. Nc4 {would transpose to the
text.}) ({It is quite pointless to play} 15. Qf5 g6 16. Qh3 e4 {and White may
hardly exploit the exposing of the dark squares around Black's king.}) 15... f5
(15... Bxa3 $5 {also deserved serious attention:} 16. bxa3 f5 {it looks like
White has to play very precisely in order to maintain the balance here:} 17. a4
e4 18. Qb5 Qf6 19. a5 exf3 20. axb6 Qxc3 21. Qd5+ Kh8 22. Bd2 $11) 16. Nc4 {
Inviting some simplifications.} (16. Bg5 Qe6 17. Nb5 Bb8 18. Be3 Rd8 19. Qc2
Nd5 $132) 16... Nxc4 17. Qxc4+ Kh8 ({An equal endgame could also have arisen
after} 17... Qf7 18. Rd1 Bc7 19. Be3 Qxc4 20. bxc4 Rfd8 $11) 18. Bg5 Qf7 {
A slight inaccuracy - this version of the endgame favours White, though
Black's task is not too difficult.} ({The more ambitious approach would be:} 
18... Qc7 {keeping the queens on the board. However, it still looks like White
should be OK after} 19. Rad1 e4 20. Qd5 Be5 21. Nxe5 Nxe5 22. Bf4 Nf3+ 23. gxf3
Qxf4 24. Qxb7 $11) 19. Qxf7 Rxf7 20. b4 (20. Red1 Bc7 21. Be3 h6 22. b4 e4 23.
Nd2 Ne5 $11) 20... e4 21. b5 $1 {This tactical resource doesn't allow Black to
occupy the central e5-spot.} exf3 ({Correctly rejecting} 21... Ne5 $6 22. Nxe5
Bxe5 23. f3 h6 24. Bc1 $14 {and Black would suffer from the weak Pe4.}) 22.
bxc6 bxc6 23. Ra6 ({Alas, there is no stable place for a bishop:} 23. gxf3 h6
24. Be3 f4 $11) 23... h6 24. Rxc6 (24. Be3 f4 25. Bd4 c5 26. Rxd6 cxd4 27. Rxd4
fxg2 28. Kxg2 a5 {also leads to a drawish rook ending.}) 24... hxg5 (24...
Bxh2+ {is less accurate:} 25. Kxh2 hxg5 26. gxf3 a5 27. Ra1 $14) 25. Rxd6 Rb8
$1 {Now Black is able to activate both rooks.} 26. b4 Rc7 27. Rd3 fxg2 28. Re5
({Nothing is changed by} 28. Kxg2 Rb6 29. Re5 g6 $11) 28... Rbc8 {For some
reason, Radoslaw doesn't mind giving up a pawn.} ({There was nothing wrong with
} 28... g6 29. Red5 Rbc8 $11) 29. Rxf5 Rxc3 30. Rdd5 ({After} 30. Rxc3 Rxc3 31.
Rxg5 {Black is able to swap the last q-side pawns:} Rc4 32. b5 Ra4 33. Kxg2 a6
$11) 30... g4 31. Kxg2 Rf3 {Finally exchanging one pair of rooks.} 32. Rxf3
gxf3+ 33. Kxf3 Rb8 34. b5 Rb6 $11 {White's extra pawn is not of much value now.
} 35. h4 a6 36. bxa6 Rxa6 37. Kg4 Kh7 38. f4 Ra1 39. Rd6 Rg1+ 40. Kf3 Rh1 41.
Kg3 1/2-1/2

[Event "ISR-ch"]
[Site "Tel Aviv"]
[Date "2002.12.01"]
[Round "7"]
[White "Erenburg, Sergey"]
[Black "Roiz, Michael"]
[Result "0-1"]
[WhiteElo "2494"]
[BlackElo "2512"]
[Annotator "Roiz,M"]
[PlyCount "72"]
[EventDate "2002.11.24"]
[EventType "swiss"]
[EventRounds "9"]
[EventCountry "ISR"]
[SourceTitle "CBM 093"]
[Source "ChessBase"]
[SourceDate "2003.04.01"]
[SourceVersion "1"]
[SourceVersionDate "2003.04.01"]
[SourceQuality "1"]

1. e4 c5 2. c3 {Sergei has a huge experience in this variation.} Qa5 {Even
this rare move is famouse.} 3. g3 {Not so principical.} (3. a3 {[%cal Gb2b4]}
e6 (3... e5 $2 4. Nf3 Nc6 5. Bc4 Be7 6. Qb3 Nh6 7. d4 $16 {1-0Pavasovic-Mrva/
Mitropa Cup 17th 1997}) 4. Nf3 Nc6 5. d4 Nxd4 6. Nxd4 cxd4 7. b4 Qe5 8. Qxd4
Qc7 9. Nd2 Ne7 10. Nf3 Nc6 11. Qe3 a5 (11... Bd6) 12. Bb2 Bd6 13. Be2 Bf4 $11 {
1-0Kharlov-Camara/Sao Paulo op 1991}) (3. f4 Nf6 (3... d6) 4. e5 Nd5 5. g3 d6
6. Bg2 e6 7. Na3 Nc6 8. Nc4 Qc7 9. Nxd6+ Bxd6 10. exd6 Qxd6 11. Nf3 b6 12. d4
cxd4 13. Nxd4 Bb7 $11 {0.5-0.5Thorhallsson-Bezold/KS Sommerskak op 1997}) (3.
Na3 {[%cal Ga3c4] This natural move got some popularity in last years} Nc6 (
3... e6 4. e5 {[%csl Rd6]} (4. Nf3 a6 5. Be2 b5 6. O-O Bb7 7. d3 d6 8. Re1 (8.
Ng5 $5 $36 {[%cal Gf2f4]}) 8... Nd7 9. Bf1 Ngf6 $15 {[%csl Ra3] Steiner,
U-Polgar,S/Vienna op 1994}) 4... Nc6 5. Nf3 Qc7 6. d4 cxd4 7. cxd4 Bxa3 8. bxa3
Nge7 9. Bb2 Qa5+ 10. Qd2 b6 $11 {Rozentalis,E-Kupreichik,V/URS-ch sf Minsk 1983
}) 4. Nf3 (4. Nc4 Qc7 5. a4 Nf6 6. d3 g6 7. Bg5 Bg7 8. Qd2 O-O $11 {
Denda-Jugow/GER-ch Seniors 2002}) 4... d6 5. Nc4 Qd8 6. d4 Nf6 7. e5 dxe5 8.
Ncxe5 Nxe5 9. Nxe5 e6 10. Bg5 a6 11. Be2 (11. Qa4+ Bd7 12. Nxd7 Qxd7 13. Qxd7+
$14 {[%csl Gf1,Gg5]}) 11... Be7 12. dxc5 Qxd1+ 13. Rxd1 Bxc5 14. Bf3 $14 {
0.5-0.5Khamrakulov,I-Sanchez Corujo,J/Once op 7th Valencia 2001}) (3. Nf3 {
It's the main.} Nc6 (3... d6 4. h3 $5 Nf6 5. Bd3 g6 6. O-O Bg7 7. Bc2 O-O 8.
Re1 $14 {And queen has nothing to do on a5 in this kind of positions}) (3... e6
{Romanishin's favourite move} 4. d4 (4. d3 Nc6 5. Nbd2 d5 6. g3 Nf6 7. Bg2 Qa6
$1 {[%csl Ga6] due to this move 2...Qa5 wasn't waste of time in this game!} 8.
Qe2 dxe4 9. Nxe4 Be7 10. O-O O-O $11 {0-1Lemmers-Ikonnikov/BEL-chT 1999}) (4.
Be2 d6 5. O-O Nf6 6. d3 Nc6 7. Nbd2 Be7 8. d4 Qc7 9. dxc5 dxc5 10. Qc2 O-O 11.
a4 e5 12. Nc4 Be6 $11 {0.5-0.5Godena-Romanishin/Reggio Emilia 1998}) 4... cxd4
5. Nxd4 a6 6. Bd3 Nf6 7. O-O Be7 8. Re1 d6 9. c4 Nbd7 10. Nc3 Ne5 11. Bf1 Bd7
$13 {1-0Guido-Romanishin/Bratto op 20th 2000}) 4. Bc4 (4. g3 Nf6 5. Qe2 d5 6.
exd5 Nxd5 7. Bg2 Bg4 8. h3 Bh5 9. O-O e6 10. d3 Qc7 11. Nbd2 Be7 12. Nc4 O-O
13. a4 Rad8 $11 {Rozentalis,E-Movsesian,S/Hastings 1996}) (4. d4 cxd4 5. b4 Qd8
6. b5 Na5 7. Qxd4 (7. cxd4 d5) 7... d6 8. c4 e5 9. Qd1 Be6 10. Ng5 Nf6 11. Nxe6
fxe6 12. Bd3 Be7 13. O-O O-O 14. Nd2 Rc8 $15 {[%csl Rc4,Ge6]
Michalczak-Kupreichik/NRW-Cup Masters op 1997}) 4... Nf6 (4... d6 5. O-O Nf6 6.
d4 (6. Re1 b5 $5 7. Bd5 Bd7 8. b4 cxb4 9. cxb4 Qb6 10. a4 Nxd5 11. exd5 Nxb4
12. Nc3 g6 $15 {Keitlinghaus,L-Movsesian,S/Lazne Bohdanec 1996}) (6. d3 Bg4 7.
Qb3 Nd8 8. e5 Nd7 9. exd6 e6 $11 {Rabiega-Movsesian,S/1996}) 6... Nxe4 7. Re1
Nf6 8. Qb3 d5 9. Bxd5 Nxd5 10. Qxd5 e6 $11 {Hummel-Bar/EU-ch U16 Mureck 1998})
(4... g6 5. O-O b5 6. Bd5 Nf6 $13) 5. d3 e6 6. Bb3 d5 7. e5 Nd7 8. Qe2 h6 $6 9.
h3 c4 10. Bc2 cxd3 11. Bxd3 Qc7 12. Bf4 f6 13. Bb5 $36 {[%csl Ge5] Baklan,
V-Bezold,M/Berliner Sommer 1997}) 3... b5 $5 {Very interesting idea! black
wants to play b5-b4 as quickly as possible. The second idea is to neutralize
white's pressure on the long diagonal.} ({Sergei Movsesian used to play twice} 
3... Nc6 4. Bg2 Nf6 5. Ne2 h5 6. h3 h4 7. g4 Ne5 $5 8. d3 (8. d4 cxd4 9. f4 d3
10. fxe5 (10. Nd4 Nc6 11. Qxd3 e5 12. Nb3 Qc7 $13) 10... dxe2 11. Qd4 Nh7 12.
Na3 g6 13. Nc4 Qd8 14. e6 f6 15. e5 $36 {Kacheishvilli,G-Movsesian,S/Pula op
1997}) 8... Qa6 9. c4 Qd6 10. Nf4 e6 11. Nc3 a6 $13 {Ponomariov,R-Movsesian,S/
Wch U20 Zagan 1997}) 4. Bg2 Bb7 5. Ne2 $6 $146 {Slighty passive. There is not
so comfortable place for knight.} (5. d3 $142 $146 d6 6. Nf3) (5. Nh3 e5 $6 (
5... Nf6 6. d3 e6) 6. O-O Nf6 7. f4 d6 8. d3 Nbd7 9. Be3 Be7 10. Nd2 $14 {
[%csl Ra5] Raaste-Pyhata,A/FIN-ch 1993}) 5... Nf6 6. d3 d6 (6... c4 $2 7. dxc4
bxc4 (7... Bxe4 $4 8. Bxe4 Nxe4 9. Qd5) 8. Nd2 $16 {[%csl Rc4]}) 7. O-O Nbd7 8.
h3 {[%cal Gg3g4,Gf2f4,Gc1e3]} (8. a4 e6 9. Na3 a6 $15 {[%csl Ra3]}) 8... e6 (
8... g6 $6 9. Be3 Bg7 10. Nd2 O-O 11. f4 $14 {[%csl Ge4,Gf4][%cal Gd3d4,Gg3g4]}
) 9. g4 {[%csl Rf6][%cal Ge2g3,Gg4g5]} h6 10. Ng3 (10. f4 $6 c4 $1 11. Ng3 cxd3
12. g5 hxg5 13. fxg5 Nh7 $15) 10... d5 $1 {White's initiative on the king-side
can be annoying, so I decided to open the centre.} 11. f4 dxe4 12. dxe4 (12. g5
$6 hxg5 13. fxg5 Qc7 $1 14. Bf4 Bd6 $17 {[%csl Rg1]}) 12... c4 {[%csl Rd3]
[%cal Gd7c5,Gc5d3]} 13. g5 $2 {[%mdl 16384] Looks very active, but actually
after this move white hasn't any attack and black is just much better due to
his nice development and control on e5-square.} (13. Be3 $142 {But I also
prefer black here}) 13... hxg5 14. fxg5 Ng8 $17 {[%csl Rg1,Rg3][%cal Gg8e7,
Ge7g6]} 15. Be3 (15. Rxf7 Qb6+ 16. Kh2 Kxf7 17. Qxd7+ Ne7 $19 {[%cal Ga8d8]}) (
15. Bf4 Bc5+ 16. Kh1 Ne7 $17) 15... Qc7 16. Ne2 (16. Nh5 g6 $1 17. Qf3 gxh5 18.
Qxf7+ Kd8 19. Qxe6 Bc5 $19) 16... Bc5 17. Nd4 Bxe4 {[%cal Gc7g3] I am not sure
that this is the beat decision because white getting some initiative but his
king is very weak, so I felt that I have nothing to worry about.} (17... Ne7
$17) 18. Qg4 $1 Bxg2 19. Qxg2 Rb8 (19... Rc8 {was another opportunity}) 20. Qf2
{There is no time for development:} (20. Nd2 Ne7 {[%cal Ge8g8] with absolutely
winning position,}) (20. g6 f5 $19) 20... Ne5 $1 (20... Nf8 $2 21. Bf4 $1 e5
22. Bxe5 Qxe5 23. Re1 $16) 21. Nxe6 $8 (21. Bf4 Ne7 $1 22. Bxe5 Qxe5 23. Qxf7+
Kd7 $19 {[%csl Rg1]}) 21... fxe6 22. Bxc5 Ne7 23. Bxa7 (23. Bxe7 Kxe7 $19 {
[%cal Gb8f8]}) (23. Nd2 Nf5 $17) 23... Rb7 24. Bd4 Rxh3 $19 25. Qf8+ $2 {
After this mistake white has no defence.} (25. Qg2 $8 Rh4 {[%cal Gh4g4]} 26.
Bxe5 Qxe5 27. Nd2 Qe3+ 28. Rf2 Nd5 $17) 25... Kd7 26. Qf4 Nd3 27. Qxc7+ Rxc7
$19 {[%csl Ra1,Rb1,Gd3,Rg1] The endgame is comletely lost!} 28. Rf7 e5 29. Kg2
(29. Be3 Ke6 30. Rxg7) (29. Bf2 Ke6 $1 30. Rxg7 Rc8 $19 {[%cal Gc8h8]}) 29...
Rh5 30. Be3 Ne1+ 31. Kf2 Nc2 32. Na3 Nxa1 33. Kg2 Ke6 34. Rf1 Nf5 35. Bf2 Rxg5+
36. Kf3 Rf7 0-1

[Event "Tata Steel-A 78th"]
[Site "Wijk aan Zee"]
[Date "2016.01.29"]
[Round "11"]
[White "Mamedyarov, Shakhriyar"]
[Black "Caruana, Fabiano"]
[Result "1/2-1/2"]
[WhiteElo "2747"]
[BlackElo "2787"]
[Annotator "Roiz,M"]
[PlyCount "99"]
[EventDate "2016.01.16"]
[EventType "tourn"]
[EventRounds "13"]
[EventCountry "NED"]
[EventCategory "20"]
[SourceTitle "CBM 171"]
[Source "ChessBase"]
[SourceDate "2016.03.14"]
[SourceVersion "2"]
[SourceVersionDate "2016.03.14"]
[SourceQuality "1"]

1. e4 {For some reason, GM Mamedyarov deviates from his main opening weapon 1.
d4, but the surprise effect didn't work well this time.} c5 {Perhaps, this
reply wasn't the most expected.} 2. c3 {As a result, White doesn't enter into
the Open Sicilians and goes for the solid Alapin.} Nf6 3. e5 Nd5 4. Nf3 e6 5.
d4 cxd4 6. cxd4 d6 7. Bd3 {This natural move is only White's 4th choice
according to statistics. Indeed, the following game proves that Black's task
is quite easy in this line.} ({The most common alternatives are:} 7. Bc4) (7.
Nc3) (7. a3 {and}) 7... dxe5 8. dxe5 ({Black also doesn't face any problems
after} 8. Nxe5 Nd7 9. O-O Nxe5 10. dxe5 Bd7 11. Nd2 Bc6 $11 {Bergez,L (2380) -
Velikov,P (2475) / Paris Apsap op 1998}) 8... Nb4 {Inviting simplifications.
Black's main task now - is activating the light-squared bishop.} ({Another way
of handling the position was} 8... Bb4+ 9. Bd2 Nf4 10. Bb5+ Bd7 11. Bxb4 (11.
Bxd7+ Qxd7 12. O-O Bxd2 13. Nbxd2 O-O $11) 11... Bxb5 12. Qxd8+ Kxd8 13. Nc3
Nxg2+ 14. Kd2 Bc6 15. Nd4 $44 {White obtains some compensation for a missing
pawn.}) 9. Be4 {White is foced to spend more and more time on moving the
bishop.} ({A more precise way is} 9. Bb5+ Bd7 10. Be2 Be7 11. Nc3 Bc6 12. O-O
O-O $11 {Stoven,G (2103)-Epishin,V (2628)/ Marseille 2003}) 9... Qxd1+ 10. Kxd1
Nd7 $1 {Admitting the above-mentioned fact - Black manages to develop some
initiative due to the vulnerablity of the Be4.} 11. Bd2 $146 {Possibly, this
novelty is the best way of neutralising the opponent's activity.} (11. Nc3 Nc5
12. Bb1 (12. a3 Nxe4 13. Nxe4 Nd5 $15 {Fruebing,T (2187) - Shankland,S (2539) /
Dresen ZMD op 2011}) 12... Bd7 $15 {Kantorik,M (2321) - Sikora Lerch,J (2324) /
Prerov Friendship IM 2001, was worse for White.}) 11... a5 ({It was still
possible to get rid of the light-squared bishop by means of} 11... f5 12. exf6
Nxf6 {, but it would expose Black's pawn structure, so after} 13. Nc3 Nxe4 14.
Nxe4 {White should be OK.}) 12. a3 Nc5 $1 {An important tactical resource.} ({
After} 12... Nc6 13. Bf4 Nc5 14. Nc3 Nxe4 15. Nxe4 b6 16. Rc1 Bb7 17. Nfd2 $11
{the activity of White's pieces compensates for Black's pair of bishops.}) 13.
axb4 ({Possibly,} 13. Nc3 $5 {would be the lesser evil, but still after} Nxe4
14. Nxe4 Nd3 15. Kc2 Nc5 $15 {White's position is somewhat worse.}) 13... Nxe4
14. Be1 b6 ({Fabiano reasonably deviates from the following complications:} 
14... Bxb4 $6 15. Bxb4 Nxf2+ 16. Ke2 Nxh1 17. Bd6 b6 18. Nc3 Ba6+ 19. Ke3 {
In the resulting unbalanced position White's chances are at least not worse.})
15. Nc3 (15. Nbd2 Nxd2 16. Bxd2 a4 17. Ke2 Bb7 $15) 15... Nxc3+ 16. Bxc3 a4 $1
{Correctly avoiding unnecessary simplifications. Black's position is clearly
better now due to pair of bishops and preferable pawn structure.} 17. Nd2 $6 {
An unsuccessful manoeuvre.} ({It was better to consolidate the position by
means of} 17. Nd4 Bb7 18. f3 Be7 19. Ke2 $15) 17... Bb7 18. f3 Bd5 $17 {
The bishop has found a perfect square.} 19. Kc1 (19. b5 Bc5 20. Ke2 Ke7 21.
Rhd1 Rhd8 $17) 19... b5 20. b3 a3 {This ambitious move is not the best.} ({
Indeed, after} 20... Be7 21. Kb2 Kd7 22. Rhd1 Rhc8 23. Ra3 axb3 24. Rxa8 Rxa8
25. Nxb3 g5 {White would be doomed to a passive defence in a difficult
position.}) 21. Kb1 ({It was well worth considering} 21. Nb1 $5 a2 22. Nd2 f5
23. Kb2 {Even though Black's position still would be better after collecting
the Pa2, it is still a definite achievement for White.}) 21... Be7 22. Ka2 {
White has managed to connect the rooks, but most of his problems are not
solved.} O-O 23. Rac1 Rfc8 ({It definitely makes sense to provoke the f3-f4
advance:} 23... Bg5 $5 24. Rhf1 Rfc8 25. f4 Be7 26. g3 Rc7 $17) 24. Nb1 Bg5 $2
{A serious mistake! Now White manages to release the tension.} ({It was the
right moment for activating the king by means of} 24... f6 25. exf6 gxf6 26.
Rhd1 Kf7 $17) 25. Bd2 Rxc1 (25... Be7 26. Nxa3 $11) 26. Rxc1 ({Another
possible move was} 26. Bxc1 Bxb3+ 27. Kxb3 a2 28. Bb2 axb1=Q 29. Rxb1 Rd8 30.
Bc1 $11) 26... Bxb3+ 27. Kxb3 a2 28. Na3 Bxd2 29. Ra1 Bf4 30. h3 Bxe5 {
Possibly, Fabiano had overestimated the value of his extra pawn in this
position.} 31. Rxa2 Rb8 32. Rc2 {That's the point - the Pb5 is too weak, so
Black cannot keep the material advantage.} Bd6 33. Rc6 Be7 34. Rc7 Bf8 35. Ra7
g6 36. Ra5 {Finally collecting the missing pawn.} Rd8 37. Rxb5 Rd2 38. Rb8 Kg7
39. Nc4 Rxg2 40. b5 {The strong b-passer fully compensates for the loss of
another pawn.} Rg1 $6 {I guess, White's next move was overlooked by GM Caruana.
} (40... Rg3 $6 {is too risky:} 41. b6 Rxf3+ 42. Ka4 Rf1 43. Kb5 Rb1+ 44. Kc6
Rb4 45. Ne5 {and now Black has to work hard in order to save half a point.}) ({
However, a better try was} 40... Bc5 41. b6 Bxb6 42. Rxb6 Rg3 {and Black is
out of risk.}) 41. Rxf8 $1 Kxf8 42. b6 $1 {Black is forced to play very
precisely now.} Rg5 $1 {The only reply.} (42... Rb1+ $2 43. Nb2 $18) ({After} 
42... Rd1 $2 43. b7 Rd8 44. Nb6 Ke7 45. Nc8+ Kd7 46. b8=Q Rxc8 47. Qb7+ Rc7 48.
Qb4 $18 {The rook doesn't get access to the 5th rank.}) 43. Kb4 ({After} 43.
Nd6 $5 Rg1 44. b7 Rb1+ 45. Kc4 Rxb7 46. Nxb7 Ke7 47. Kd4 {- this endgame is
drawish, but Black's task is not that easy.}) 43... Rg1 44. Nd2 ({White's best
practical chance was} 44. Nb2 $5 Rg2 45. Nd3 Rg1 46. Kb5 Rg5+ 47. Kc4 Rd5 48.
b7 Rd8 49. Ne5 {with the same type of endgame as was mentioned in the previous
note.}) 44... Rd1 45. b7 Rxd2 46. b8=Q+ Kg7 $11 {White cannot make any
progress now.} 47. Qe5+ Kg8 48. Qb8+ Kg7 49. Qe5+ Kg8 50. Qb8+ 1/2-1/2